Statistics for New Orleans Pelicans 2010s Top 10 Leaders

Click here to take the quiz!

General Stats

  • This quiz has been taken 25 times
  • The average score is 10 of 23

Answer Stats

Player % Correct
Anthony Davis
100%
Jrue Holiday
90%
Chris Paul
80%
DeMarcus Cousins
80%
David West
60%
E'Twaun Moore
60%
Jarrett Jack
60%
Eric Gordon
60%
Ryan Anderson
55%
Jason Smith
45%
Emeka Okafor
40%
Rajon Rondo
40%
Tyreke Evans
35%
Alexis Ajinça
35%
Ömer Aşık
35%
Darius Miller
25%
Dante Cunningham
15%
Tim Frazier
15%
Al-Farouq Aminu
15%
Trevor Ariza
5%
Brian Roberts
0%
Robin Lopez
0%
Greivis Vásquez
0%

Score Distribution

Percentile by Number Answered

Percent of People with Each Score

Your Score History

You have not taken this quiz